TRNSFORMING gender citizenship the irrestible rise of gender quotas in Europe
Saved in:
| Format: | Book |
|---|---|
| Language: | English |
| Published: |
Cambridge University Press
2018
|
| Tags: |
Add Tag
No Tags, Be the first to tag this record!
|
MARC
| LEADER | 00000nam a22000007a 4500 | ||
|---|---|---|---|
| 008 | 231211b |||||||| |||| 00| 0 eng d | ||
| 020 | |a 9781108453356 | ||
| 245 | |a TRNSFORMING gender citizenship |b the irrestible rise of gender quotas in Europe |c /edited by Eleonore Lepinard and Ruth Rubio- Marin |e Cambridge studies in law and society |g xiii, 467p:ill | ||
| 250 | |c Lepinard, Eleonore | ||
| 250 | L | |c Rubio-Marin, Ruth | |
| 260 | |b Cambridge University Press |c 2018 |h Cambridge, UK |i 701293 |i 701294 |l HQ1236.5.T68 |m Women-Political activity- Europe |m Ses discrimination- Government policy- Europe |m Women-Public officers- Europe |m Europe- Politics and government | ||
| 500 | |a it includes references and index | ||
| 942 | |a lcc |c BK |e Johnson |f 11/12/23 | ||
| 952 | |0 0 |1 0 |2 lcc |4 0 |6 HQ12365 T68 |7 0 |9 4674 |a SSL |b HOL |c GJ |d 2023-12-11 |l 0 |o HQ1236.5.T68 |p 2023-0589 |r 2023-12-11 00:00:00 |t 701293 |w 2023-12-11 |y BK | ||
| 952 | |0 0 |1 0 |2 lcc |4 0 |6 HQ12365 T68 |7 0 |9 4675 |a HOL |b HOL |c GJ |d 2023-12-11 |l 0 |o HQ1236.5.T68 |p 2023-0590 |r 2023-12-11 00:00:00 |t 701294 |w 2023-12-11 |y BK | ||
| 999 | |c 2343 |d 2343 | ||